000 00404nam a2200157Ia 4500
003 LK-CoDNM
008 010623t xxu||||| |||| 00| 1 eng d
040 _aLK-CoDNM
_dLK-CoDNM
_eLK-CoDNM
041 _aeng
080 _a(X)323:820(X)-7
100 _aVittachi,Tarzie
245 _aTrials Of Transition
260 _bThe Associated Newspapers Of Ceylon
_aColombo
300 _b221p.;19 cm cm
942 _cBK
999 _c136733
_d136733